• 首页
  • 本馆介绍
  • 公告通知
  • 最新文献
  • 馆藏检索
  • 电子资源
  • 读者导购
  • 参考咨询
  • 我的图书馆
  • 登录
  • 详细信息显示
  • 放入我的书架
  • 预约/预借图书
  • 作者相关作品
  • 分类相关作品
  • 丛书相关作品
  • 出版社相关作品

书目信息

  • 表格格式
  • 工作单格式
  • 卡片格式
题名:
电脑急救
    
 
作者: ;力诚教育 编著
分册:  
出版信息: 成都   电子科技大学出版社  2008.03
页数: 303页
开本: 26cm
丛书名:
单 册:
中图分类: TP306
科图分类:
主题词: 电子计算机--故障修复--基本知识 , 电子计算机 , 故障修复
电子资源:
ISBN: 978-7-81114-704-9
000 01039nam0 2200265 450
001 003813123
005 20080715140439.0
010    @a978-7-81114-704-9@dCNY38.00
100    @a20100913d2008 em y0chiy0110 ea
101 0  @achi
102    @aCN@b510000
105    @ay z 000yy
200 1  @a电脑急救@Adian nao ji jiu@e死机、黑屏、硬盘修复、系统故障、数据备份与恢复@f力诚教育编著
210    @a成都@c电子科技大学出版社@d2008.03
215    @a303页@d26cm@e1光盘
300    @a电脑医院
307    @a附光盘:ISBN 978-7-900764-04-1
330    @a本书内容包括:电脑急救软件工具准备;如何应对无法开机、无法进入操作系统以及日常运行中的死机故障;应对系统关机故障、系统修复与数据急救、系统备份还原及重装、电脑日常维护等。本书在附录中还收藏了常见电脑硬件故障的解决知识,让读者能够全面了解电脑故障,并做到各种故障排除都得心应手。
606 0  @a电子计算机@x故障修复@x基本知识
606 0  @a电子计算机
606 0  @a故障修复
690    @aTP306@v5
711 02 @a力诚教育@Ali cheng jiao yu@4编著
905    @aBZT@dTP306@e2
906    @dCNY38.00@n0@r1
    
    电脑急救:死机、黑屏、硬盘修复、系统故障、数据备份与恢复/力诚教育编著.-成都:电子科技大学出版社,2008.03
    303页;26cm+1光盘
    电脑医院
    
    ISBN 978-7-81114-704-9:CNY38.00
    本书内容包括:电脑急救软件工具准备;如何应对无法开机、无法进入操作系统以及日常运行中的死机故障;应对系统关机故障、系统修复与数据急救、系统备份还原及重装、电脑日常维护等。本书在附录中还收藏了常见电脑硬件故障的解决知识,让读者能够全面了解电脑故障,并做到各种故障排除都得心应手。
●
相关链接 在五车中查询图书 在当当中查询图书 在豆瓣中查询图书


正题名:电脑急救     索取号:TP306/2         预约/预借

序号 登录号 条形码 馆藏地/架位号 状态 备注
1 771968   2000771968   中心书库中库/ 中库028架B面8列6层7/ [索取号:TP306/2] 在馆    
2 771969   2000771969   中心书库中库/ 中库028架B面7列1层14/ [索取号:TP306/2] 在馆    
3 771970   2000771970   中心书库中库/ 中库028架B面7列1层13/ [索取号:TP306/2] 在馆    
4 771971   2000771971   中心书库中库/ 中库028架B面8列6层5/ [索取号:TP306/2] 在馆    
5 771972   2000771972   中心书库中库/ 中库028架B面7列1层2/ [索取号:TP306/2] 在馆    
6 771973   2000771973   中心书库中库/ 中库028架B面8列6层6/ [索取号:TP306/2] 在馆    
7 771974   2000771974   中心书库中库/ 中库028架B面7列1层12/ [索取号:TP306/2] 在馆    
8 771975   2000771975   中心书库中库/ 中库028架B面7列1层3/ [索取号:TP306/2] 在馆    
9 771976   2000771976   中心书库中库/ 中库028架B面7列1层1/ [索取号:TP306/2] 在馆    
10 771977   2000771977   中心书库中库/ 中库028架B面8列6层2/ [索取号:TP306/2] 在馆    
山东省滨州职业学院图书馆 欢迎您!
大连网信软件有限公司© 版权所有